Премијери Југославије / Србије и Црне Горе - Statistics

General Stats
  • This quiz has been taken 93 times
    19 since last reset
  • The average score is 16 of 38
Answer Stats
Мандат Премијер % Correct
1918 (в.д.) Никола Пашић
94%
1921–1924 Никола Пашић
94%
1924–1926 Никола Пашић
94%
1939–1941 Драгиша Цветковић
72%
1935–1939 Милан Стојадиновић
67%
1944–1963 Јосип Броз Тито
61%
1989–1991 Анте Марковић
61%
1929–1932 Петар Живковић
56%
1941–1942 Душан Симовић
56%
1942–1943 Слободан Јовановић
56%
1944 Иван Шубашић
56%
2003–2006 Светозар Маровић
50%
1918–1919 Стојан Протић
44%
1920 Стојан Протић
44%
1928–1929 Антон Корошец
44%
1963–1967 Петар Стамболић
44%
1982–1986 Милка Планинц
44%
2001–2003 Драгиша Пешић
44%
1919–1920 Љубомир Давидовић
33%
1924 Љубомир Давидовић
33%
1992–1993 Милан Панић
33%
1998–2000 Момир Булатовић
33%
1934–1935 Богољуб Јевтић
28%
1967–1969 Мика Шпиљак
28%
1971–1977 Џемал Биједић
28%
1986–1989 Бранко Микулић
28%
2000–2001 Зоран Жижић
28%
1920–1921 Миленко Веснић
22%
1926–1927 Никола Узуновић
22%
1927–1928 Велимир Вукићевић
22%
1932 Војислав Маринковић
22%
1932–1934 Милан Сршкић
22%
1934 Никола Узуновић
22%
1943 Милош Трифуновић
22%
1943–1944 Божидар Пурић
22%
1969–1971 Митја Рибичич
22%
1977–1982 Веселин Ђурановић
22%
1993–1998 Радоје Контић
22%
No matching quizzes found
Score Distribution
Percent of People with Each Score
Percentile by Number Answered
Your Score History
You have not taken this quiz since the last reset